[Event "22. Open de Ajedrez Ciudad de Roquetas"]
[Site "Roquetas de Mar ESP"]
[Date "2011.01.05"]
[Round "6.2"]
[White "Fedorchuk, Sergey A"]
[Black "Hansen, Torbjorn Ringdal"]
[Result "1/2-1/2"]
[WhiteElo "2650"]
[BlackElo "2439"]
[PlyCount "76"]
[EventDate "2011.01.02"]
[EventRounds "9"]
[EventCountry "ESP"]
[Source "lmi"]
[SourceDate "2011.01.02"]

1. e4 e5 2. Nf3 Nc6 3. Bb5 a6 4. Ba4 Nf6 5. O-O Bc5 6. d3 b5 7. Bb3 d6 8. c3 h6
9. Be3 O-O 10. Nbd2 Re8 11. h3 Bxe3 12. fxe3 Na5 13. Bc2 c5 14. Qe1 Be6 15. Qg3
Nc6 16. Nh4 Nh5 17. Qf2 g6 18. Bb3 Bxb3 19. axb3 Rf8 20. d4 cxd4 21. exd4 exd4
22. cxd4 Nxd4 23. Nxg6 fxg6 24. Qxd4 Qg5 25. Rxf8+ Rxf8 26. Qd5+ Qxd5 27. exd5
Rf5 28. Rxa6 Rxd5 29. Ne4 Rd3 30. Rxd6 Rxb3 31. Rxg6+ Kh7 32. Rb6 Rxb2 33. g4
Nf4 34. h4 Kg7 35. Rb7+ Kf8 36. Nf6 Nh3+ 37. Kh1 Nf2+ 38. Kg1 Nh3+ 1/2-1/2

[Event "22. Open de Ajedrez Ciudad de Roquetas"]
[Site "Roquetas de Mar ESP"]
[Date "2011.01.05"]
[Round "6.3"]
[White "Sumets, Andrey"]
[Black "Garcia, Eduardo"]
[Result "1/2-1/2"]
[WhiteElo "2619"]
[BlackElo "2286"]
[PlyCount "68"]
[EventDate "2011.01.02"]
[EventRounds "9"]
[EventCountry "ESP"]
[Source "lmi"]
[SourceDate "2011.01.02"]

1. d4 d5 2. c4 e6 3. Nf3 c5 4. cxd5 exd5 5. g3 Nc6 6. Bg2 Nf6 7. O-O cxd4 8.
Nxd4 Be7 9. Nxc6 bxc6 10. Qc2 Bd7 11. Be3 O-O 12. Nd2 Ng4 13. Bc5 Bxc5 14. Qxc5
Qg5 15. Nf3 Qh5 16. Rad1 Rfe8 17. Rfe1 Nf6 18. Qc2 Ne4 19. Nd2 Nf6 20. Nf1 Rac8
21. b4 a5 22. bxa5 Ra8 23. Bf3 Qe5 24. Nd2 Rxa5 25. e4 Qb8 26. Nb3 Ra3 27. exd5
Rxe1+ 28. Rxe1 cxd5 29. Kg2 Qa7 30. Re2 h6 31. Rd2 Qa8 32. Nd4 Ne4 33. Re2 Ng5
34. Bh5 Ne4 1/2-1/2

[Event "22. Open de Ajedrez Ciudad de Roquetas"]
[Site "Roquetas de Mar ESP"]
[Date "2011.01.05"]
[Round "6.4"]
[White "Peralta, Fernando"]
[Black "Fernandez Garcia, Jose Miguel"]
[Result "1-0"]
[WhiteElo "2603"]
[BlackElo "2283"]
[PlyCount "99"]
[EventDate "2011.01.02"]
[EventRounds "9"]
[EventCountry "ESP"]
[Source "lmi"]
[SourceDate "2011.01.02"]

1. d4 Nf6 2. c4 e6 3. Nc3 c5 4. e3 d5 5. Nf3 Nc6 6. cxd5 Nxd5 7. Bc4 Nxc3 8.
bxc3 Bd6 9. O-O O-O 10. e4 e5 11. dxe5 Nxe5 12. Nxe5 Bxe5 13. Bxf7+ Kxf7 14.
Qh5+ Ke6 15. f4 Bxc3 16. Qh3+ Kf7 17. Qxc3 Qd4+ 18. Qxd4 cxd4 19. Bb2 Be6 20.
Bxd4 Rfd8 21. Be3 Bc4 22. Rfc1 b5 23. Kf2 Rac8 24. Bxa7 Rd2+ 25. Kf3 Ra8 26.
Bc5 Rd3+ 27. Be3 Raa3 28. Re1 Bxa2 29. Re2 b4 30. Raxa2 Rxe3+ 31. Rxe3 Rxa2 32.
Rd3 Ra3 33. Ke3 Ke7 34. Kd4 b3 35. Rd2 Ra1 36. Kd5 Ra2 37. Rd3 Rxg2 38. Rxb3
Rd2+ 39. Ke5 Rxh2 40. Rb7+ Kf8 41. f5 Ra2 42. Rb6 Ra4 43. Kd5 Ra8 44. e5 Ra1
45. Ke6 Ra8 46. f6 gxf6 47. Kxf6 Ke8 48. e6 Kd8 49. Rb7 h5 50. Kf7 1-0

[Event "22. Open de Ajedrez Ciudad de Roquetas"]
[Site "Roquetas de Mar ESP"]
[Date "2011.01.05"]
[Round "6.5"]
[White "Sanchez Jerez, Emilio Miguel"]
[Black "Paunovic, Dragan"]
[Result "0-1"]
[WhiteElo "2274"]
[BlackElo "2509"]
[PlyCount "64"]
[EventDate "2011.01.02"]
[EventRounds "9"]
[EventCountry "ESP"]
[Source "lmi"]
[SourceDate "2011.01.02"]

1. e4 c5 2. Nf3 e6 3. Nc3 a6 4. d4 cxd4 5. Nxd4 Qc7 6. g4 Nc6 7. Be3 b5 8. Nxc6
dxc6 9. Qf3 e5 10. O-O-O Be6 11. Bh3 Bb4 12. g5 Bxh3 13. Qxh3 Ne7 14. a3 Bxc3
15. bxc3 Qc8 16. Qxc8+ Rxc8 17. Bc5 h6 18. h4 Ng6 19. h5 Nf4 20. g6 fxg6 21.
hxg6 Rd8 22. Bd6 Nxg6 23. Rh5 Kf7 24. f4 exf4 25. Rc5 Rhe8 26. e5 Ne7 27. c4
Ke6 28. cxb5 cxb5 29. Rc7 Rd7 30. Rc3 Nf5 31. Rc6 Nxd6 32. exd6 Red8 0-1

[Event "22. Open de Ajedrez Ciudad de Roquetas"]
[Site "Roquetas de Mar ESP"]
[Date "2011.01.05"]
[Round "6.6"]
[White "Castano, Henry Augusto"]
[Black "Rodriguez Guerrero, Enrique"]
[Result "1/2-1/2"]
[WhiteElo "2237"]
[BlackElo "2469"]
[PlyCount "123"]
[EventDate "2011.01.02"]
[EventRounds "9"]
[EventCountry "ESP"]
[Source "lmi"]
[SourceDate "2011.01.02"]

1. e4 c5 2. Nf3 Nc6 3. d4 cxd4 4. Nxd4 Nf6 5. Nc3 e5 6. Ndb5 d6 7. Bg5 a6 8.
Na3 b5 9. Bxf6 gxf6 10. Nd5 Bg7 11. Bd3 Ne7 12. Nxe7 Qxe7 13. O-O O-O 14. Qh5
f5 15. c4 Rb8 16. Rfd1 b4 17. Nc2 fxe4 18. Bxe4 f5 19. Bd5+ Kh8 20. b3 Be6 21.
a3 e4 22. Ra2 bxa3 23. Bxe6 Qxe6 24. Rxa3 Rb6 25. Ne3 Bb2 26. Ra5 Be5 27. Nd5
Rxb3 28. Rxa6 Qc8 29. Ra7 Bg7 30. Ne7 Qe6 31. Nd5 Rfb8 32. g3 R3b7 33. Nf4 Qf6
34. Rxb7 Rxb7 35. Qe8+ Qf8 36. Qc6 Rb4 37. Qxd6 Qxd6 38. Rxd6 Be5 39. Rd5 Bxf4
40. gxf4 Rxc4 41. Rxf5 Kg7 42. Kf1 Rc1+ 43. Kg2 Rc4 44. Re5 Kg6 45. Kg3 Rc3+
46. Kg4 Rf3 47. Re6+ Kf7 48. Rxe4 Rxf2 49. h4 Kf6 50. Re5 Rg2+ 51. Kh5 Rf2 52.
Kg4 Rg2+ 53. Kf3 Rh2 54. Kg3 Rh1 55. Ra5 Rg1+ 56. Kf3 Rf1+ 57. Kg4 Rg1+ 58. Kf3
Rf1+ 59. Kg4 Rg1+ 60. Kf3 Rf1+ 61. Kg4 Rg1+ 62. Kf3 1/2-1/2

[Event "22. Open de Ajedrez Ciudad de Roquetas"]
[Site "Roquetas de Mar ESP"]
[Date "2011.01.05"]
[Round "7.1"]
[White "Paunovic, Dragan"]
[Black "Corrales Jimenez, Fidel"]
[Result "1/2-1/2"]
[WhiteElo "2509"]
[BlackElo "2591"]
[PlyCount "83"]
[EventDate "2011.01.02"]
[EventRounds "9"]
[EventCountry "ESP"]
[Source "lmi"]
[SourceDate "2011.01.02"]

1. g3 d5 2. Bg2 Nf6 3. d3 c6 4. Nd2 e5 5. e4 dxe4 6. dxe4 Be6 7. Ngf3 Nbd7 8.
O-O h6 9. b3 Qc7 10. Bb2 O-O-O 11. Qe2 Ne8 12. Rad1 g5 13. Nc4 f6 14. Nfd2 h5
15. h3 h4 16. g4 Bc5 17. Ne3 Nf8 18. Ndc4 Rxd1 19. Rxd1 Ng6 20. Nf5 Rh7 21. Bc1
b5 22. Nb2 Rd7 23. a4 Rxd1+ 24. Qxd1 Ba3 25. Bf1 a6 26. Nd3 Bxc1 27. Qxc1 Nf4
28. Nc5 Bxf5 29. exf5 a5 30. axb5 cxb5 31. Ne6 Nxe6 32. fxe6 Ng7 33. Bxb5 Nxe6
34. Qa3 Kb8 35. Bf1 Nc5 36. b4 axb4 37. Qxb4+ Kc8 38. Qc4 Qd6 39. Bd3 Kd8 40.
Bf5 Kc7 41. Qa2 Kb6 42. Qb2+ 1/2-1/2

[Event "22. Open de Ajedrez Ciudad de Roquetas"]
[Site "Roquetas de Mar ESP"]
[Date "2011.01.05"]
[Round "7.2"]
[White "Pogorelov, Ruslan"]
[Black "Fedorchuk, Sergey A"]
[Result "0-1"]
[WhiteElo "2427"]
[BlackElo "2650"]
[PlyCount "87"]
[EventDate "2011.01.02"]
[EventRounds "9"]
[EventCountry "ESP"]
[Source "lmi"]
[SourceDate "2011.01.02"]

1. Nf3 Nf6 2. c4 e6 3. Nc3 Bb4 4. Qc2 c5 5. a3 Ba5 6. g3 Nc6 7. Bg2 O-O 8. O-O
d6 9. d3 Bd7 10. Rb1 Rc8 11. Nb5 Ne8 12. Bg5 f6 13. Bd2 a6 14. Nc3 Nd4 15. Nxd4
cxd4 16. Na2 Bxd2 17. Qxd2 Bc6 18. Bxc6 bxc6 19. c5 e5 20. Rbc1 d5 21. f4 Nc7
22. fxe5 fxe5 23. Rxf8+ Qxf8 24. Qg5 Qe8 25. Nb4 Rb8 26. Qd2 h5 27. Rf1 Qg6 28.
Kh1 a5 29. Na2 Qg4 30. Nc1 Rb5 31. b4 axb4 32. axb4 Rb8 33. Nb3 Qh3 34. Kg1 h4
35. Qg5 hxg3 36. hxg3 Qe6 37. Na5 Re8 38. Qf5 e4 39. Nxc6 Qxc6 40. Qf7+ Kh7 41.
Rf5 Re6 42. Rg5 Rg6 43. Qf5 exd3 44. Qxd3 0-1

[Event "22. Open de Ajedrez Ciudad de Roquetas"]
[Site "Roquetas de Mar ESP"]
[Date "2011.01.05"]
[Round "7.3"]
[White "Hansen, Torbjorn Ringdal"]
[Black "Peralta, Fernando"]
[Result "1/2-1/2"]
[WhiteElo "2439"]
[BlackElo "2603"]
[PlyCount "82"]
[EventDate "2011.01.02"]
[EventRounds "9"]
[EventCountry "ESP"]
[Source "lmi"]
[SourceDate "2011.01.02"]

1. e4 c6 2. Nf3 d5 3. Nc3 Bg4 4. h3 Bxf3 5. Qxf3 Nf6 6. Be2 e6 7. O-O Bb4 8. e5
Nfd7 9. d4 a6 10. Qg3 g6 11. Nb1 Be7 12. Nd2 c5 13. c3 Nc6 14. Nf3 Qb6 15. Rd1
h6 16. Bf1 Rc8 17. Be3 cxd4 18. cxd4 Na5 19. Rac1 Rc6 20. Rxc6 Nxc6 21. Rd2 Bd8
22. Bd3 Ne7 23. Nh2 Nf5 24. Bxf5 exf5 25. Qf3 Qe6 26. Rc2 g5 27. Bd2 O-O 28. g4
f4 29. Qb3 b6 30. Bb4 Re8 31. Qd3 a5 32. Ba3 Nf8 33. Nf3 Qd7 34. Qf5 Ne6 35.
Bd6 Kg7 36. Rc1 Qb5 37. Qc2 Rh8 38. a4 Qa6 39. Qc6 Qd3 40. Qxd5 h5 41. gxh5
Rxh5 1/2-1/2

[Event "22. Open de Ajedrez Ciudad de Roquetas"]
[Site "Roquetas de Mar ESP"]
[Date "2011.01.05"]
[Round "7.4"]
[White "Teske, Henrik"]
[Black "Gonzalez Perez, Arian"]
[Result "1/2-1/2"]
[WhiteElo "2520"]
[BlackElo "2448"]
[PlyCount "126"]
[EventDate "2011.01.02"]
[EventRounds "9"]
[EventCountry "ESP"]
[Source "lmi"]
[SourceDate "2011.01.02"]

1. Nf3 Nf6 2. c4 g6 3. Nc3 Bg7 4. g3 O-O 5. Bg2 d6 6. O-O e5 7. d3 h6 8. Rb1 a5
9. a3 Nbd7 10. b4 c6 11. e4 Re8 12. Re1 Nh7 13. Be3 Ng5 14. Qd2 Nxf3+ 15. Bxf3
Kh7 16. Bg2 Nf6 17. Na4 axb4 18. Nb6 Rxa3 19. Qxb4 Ra2 20. Qb3 Ra6 21. Nxc8
Qxc8 22. Qxb7 Kg8 23. c5 dxc5 24. Bxc5 Bf8 25. Qxc8 Rxc8 26. Bh3 Rca8 27. Rec1
Bxc5 28. Rxc5 Nh7 29. Bd7 Nf8 30. Bxc6 Rc8 31. Bb5 Rxc5 32. Bxa6 Rc7 33. Bc4
Kg7 34. f4 exf4 35. gxf4 g5 36. fxg5 hxg5 37. Rb5 f6 38. Kf2 Ng6 39. Ke3 Ne5
40. Be6 Rc3 41. Rd5 Kf8 42. h3 Ke7 43. Bf5 Ra3 44. Kd2 Nf3+ 45. Ke2 Ne5 46. Ke3
Nc4+ 47. Kf2 Ne5 48. d4 Ra2+ 49. Ke3 Nc4+ 50. Kf3 Ra3+ 51. Kf2 Nd6 52. Bg6 Rxh3
53. Ra5 Rb3 54. e5 fxe5 55. dxe5 Nb5 56. Bf5 Nc7 57. Rc5 Ne6 58. Rc6 Rb2+ 59.
Kg3 Rb3+ 60. Kg4 Rb4+ 61. Kh5 Nd4 62. Rc7+ Kd8 63. Rc8+ Ke7 1/2-1/2

[Event "22. Open de Ajedrez Ciudad de Roquetas"]
[Site "Roquetas de Mar ESP"]
[Date "2011.01.05"]
[Round "7.5"]
[White "Camacho Collados, Marcos"]
[Black "Sumets, Andrey"]
[Result "1/2-1/2"]
[WhiteElo "2376"]
[BlackElo "2619"]
[PlyCount "82"]
[EventDate "2011.01.02"]
[EventRounds "9"]
[EventCountry "ESP"]
[Source "lmi"]
[SourceDate "2011.01.02"]

1. e4 c6 2. d4 d5 3. exd5 cxd5 4. Bd3 Nc6 5. c3 Nf6 6. Bg5 Bg4 7. Qb3 Qd7 8.
Nd2 e6 9. Ngf3 Bd6 10. O-O O-O 11. Rae1 Qc7 12. Qc2 h6 13. Bxf6 gxf6 14. h3
Bxf3 15. Nxf3 Kg7 16. Qe2 Qd8 17. Kh1 Rg8 18. g3 Kh8 19. Rg1 Qf8 20. Nh4 Re8
21. Qf3 Qg7 22. Re2 Qg5 23. Rge1 Re7 24. b4 Rc7 25. Bb1 Ne7 26. Qd3 f5 27. Nf3
Qh5 28. Kh2 Rgc8 29. Rc2 Ng8 30. Ne5 Nf6 31. f3 Qg5 32. Rcc1 Qg7 33. Qe3 Nd7
34. Nxf7+ Qxf7 35. Qxh6+ Kg8 36. Rxe6 Bf8 37. Rg6+ Bg7 38. Bxf5 Nf8 39. Rxg7+
Qxg7 40. Qxg7+ Kxg7 41. Bxc8 Rxc8 1/2-1/2

[Event "22. Open de Ajedrez Ciudad de Roquetas"]
[Site "Roquetas de Mar ESP"]
[Date "2011.01.06"]
[Round "8.1"]
[White "Corrales Jimenez, Fidel"]
[Black "Fedorchuk, Sergey A"]
[Result "0-1"]
[WhiteElo "2591"]
[BlackElo "2650"]
[PlyCount "100"]
[EventDate "2011.01.02"]
[EventRounds "9"]
[EventCountry "ESP"]
[Source "lmi"]
[SourceDate "2011.01.02"]

1. e4 e5 2. Nf3 Nc6 3. Bb5 a6 4. Ba4 Nf6 5. O-O b5 6. Bb3 Bc5 7. a4 Rb8 8. c3
d6 9. d4 Bb6 10. axb5 axb5 11. h3 O-O 12. Re1 h6 13. Na3 exd4 14. cxd4 Na5 15.
Bc2 b4 16. Nb5 d5 17. exd5 Qxd5 18. Re5 Qc6 19. Na7 Bxa7 20. Raxa5 Bb6 21. Rab5
Bb7 22. Be3 Rfe8 23. Qd2 Rxe5 24. Rxe5 Ra8 25. Bb3 Qd6 26. Nh4 Nd7 27. Nf5 Qf6
28. Ne7+ Kh8 29. Nd5 Qg6 30. Nf4 Qb1+ 31. Kh2 Nxe5 32. dxe5 Qf5 33. e6 fxe6 34.
Bxb6 cxb6 35. Nxe6 Qe5+ 36. f4 Qe4 37. Nd8 Bd5 38. Bc2 Qxg2+ 39. Qxg2 Bxg2 40.
Nf7+ Kg8 41. Bb3 Bf1 42. Nxh6+ Kf8 43. Ng4 b5 44. Ne5 Bc4 45. Nxc4 bxc4 46.
Bxc4 Rc8 47. Bb3 Rd8 48. Be6 Rd2+ 49. Kg3 Rxb2 50. Kf3 Ke7 0-1

[Event "22. Open de Ajedrez Ciudad de Roquetas"]
[Site "Roquetas de Mar ESP"]
[Date "2011.01.06"]
[Round "8.4"]
[White "Rioboo de la Riva, Alvaro"]
[Black "Paunovic, Dragan"]
[Result "1/2-1/2"]
[WhiteElo "2178"]
[BlackElo "2509"]
[PlyCount "67"]
[EventDate "2011.01.02"]
[EventRounds "9"]
[EventCountry "ESP"]
[Source "lmi"]
[SourceDate "2011.01.02"]

1. e4 c5 2. c3 d5 3. exd5 Qxd5 4. d4 Nf6 5. Nf3 Bg4 6. Be2 e6 7. dxc5 Qxd1+ 8.
Bxd1 Bxc5 9. Nbd2 Nc6 10. Nc4 a6 11. Be3 Bxe3 12. Nxe3 Ke7 13. Nxg4 Nxg4 14.
Be2 Rhd8 15. O-O Nf6 16. Rfd1 Ne4 17. Rxd8 Rxd8 18. Rd1 Nc5 19. Rxd8 Nxd8 20.
Bd1 Nd3 21. b3 Nc6 22. Nd2 f5 23. Kf1 Kd6 24. g3 b5 25. a3 g6 26. b4 e5 27. f3
Ne7 28. Be2 Nc1 29. c4 Nxe2 30. Kxe2 bxc4 31. Nxc4+ Kd5 32. Kd3 e4+ 33. fxe4+
fxe4+ 34. Kc3 1/2-1/2

[Event "22. Open de Ajedrez Ciudad de Roquetas"]
[Site "Roquetas de Mar ESP"]
[Date "2011.01.06"]
[Round "8.5"]
[White "Gonzalez Perez, Arian"]
[Black "Hansen, Torbjorn Ringdal"]
[Result "1/2-1/2"]
[WhiteElo "2448"]
[BlackElo "2439"]
[PlyCount "68"]
[EventDate "2011.01.02"]
[EventRounds "9"]
[EventCountry "ESP"]
[Source "lmi"]
[SourceDate "2011.01.02"]

1. Nf3 Nf6 2. c4 g6 3. d4 Bg7 4. g3 O-O 5. Bg2 d6 6. O-O Nc6 7. Nc3 a6 8. b3
Rb8 9. Nd5 Nxd5 10. cxd5 Nb4 11. Ne1 c6 12. dxc6 bxc6 13. Bb2 Qb6 14. Nd3 Bxd4
15. Bxd4 Qxd4 16. Nxb4 Qxb4 17. Bxc6 Bf5 18. Qe1 Qb6 19. Bg2 Rfc8 20. Rc1 Rxc1
21. Qxc1 Rc8 22. Qg5 f6 23. Qd2 Kg7 24. Qd5 Rc2 25. g4 Bc8 26. Qe4 Qc7 27. a4
Rc3 28. Rb1 a5 29. h3 e5 30. Qd5 Rc1+ 31. Rxc1 Qxc1+ 32. Kh2 Qf4+ 33. Kg1 Qc1+
34. Kh2 Qf4+ 1/2-1/2

[Event "22. Open de Ajedrez Ciudad de Roquetas"]
[Site "Roquetas de Mar ESP"]
[Date "2011.01.06"]
[Round "8.6"]
[White "Sumets, Andrey"]
[Black "Fernandez Siles, Luis"]
[Result "1-0"]
[WhiteElo "2619"]
[BlackElo "2314"]
[PlyCount "67"]
[EventDate "2011.01.02"]
[EventRounds "9"]
[EventCountry "ESP"]
[Source "lmi"]
[SourceDate "2011.01.02"]

1. d4 Nf6 2. Nf3 g6 3. g3 Bg7 4. Bg2 O-O 5. O-O d6 6. Nc3 d5 7. Re1 Bf5 8. Nh4
Be6 9. e4 dxe4 10. Nxe4 Nxe4 11. Bxe4 c6 12. c3 Nd7 13. Bg5 Nf6 14. Bg2 Bd5 15.
Nf3 Re8 16. Qc2 Qb6 17. Re2 c5 18. Rd1 cxd4 19. Rxd4 Rad8 20. c4 Bc6 21. Rxd8
Qxd8 22. b4 b6 23. b5 Bb7 24. Ne5 Bxg2 25. Kxg2 Qd6 26. Nc6 a5 27. Bf4 Qd7 28.
f3 Qb7 29. a4 e6 30. Rd2 Nd7 31. Qd1 Nf8 32. Bd6 e5 33. Bxf8 Bxf8 34. Rd7 1-0

[Event "22. Open de Ajedrez Ciudad de Roquetas"]
[Site "Roquetas de Mar ESP"]
[Date "2011.01.06"]
[Round "9.1"]
[White "Fedorchuk, Sergey A"]
[Black "Teske, Henrik"]
[Result "1/2-1/2"]
[WhiteElo "2650"]
[BlackElo "2520"]
[PlyCount "76"]
[EventDate "2011.01.02"]
[EventRounds "9"]
[EventCountry "ESP"]
[Source "lmi"]
[SourceDate "2011.01.02"]

1. e4 e5 2. Nf3 Nf6 3. Nxe5 d6 4. Nf3 Nxe4 5. Nc3 Nxc3 6. dxc3 Nc6 7. Bf4 Bg4
8. Be2 Be7 9. h3 Be6 10. Nd4 Nxd4 11. cxd4 Bg5 12. Qd2 h6 13. O-O-O Bxf4 14.
Qxf4 Qg5 15. Qxg5 hxg5 16. Bg4 Kd7 17. Bxe6+ Kxe6 18. Rhe1+ Kd7 19. Re3 Rae8
20. Rde1 Rxe3 21. Rxe3 Rh4 22. c3 g4 23. hxg4 Rxg4 24. g3 Rg5 25. Kc2 Rf5 26.
f4 g5 27. fxg5 Rxg5 28. a4 a5 29. b3 Rh5 30. c4 Rf5 31. Kd3 Rf2 32. Ke4 f5+ 33.
Kd3 Rb2 34. Kc3 Rf2 35. Kd3 Rb2 36. Kc3 Rf2 37. Kd3 Rb2 38. Kc3 Rf2 1/2-1/2

[Event "22. Open de Ajedrez Ciudad de Roquetas"]
[Site "Roquetas de Mar ESP"]
[Date "2011.01.06"]
[Round "9.3"]
[White "Hansen, Torbjorn Ringdal"]
[Black "Corrales Jimenez, Fidel"]
[Result "1/2-1/2"]
[WhiteElo "2439"]
[BlackElo "2591"]
[PlyCount "127"]
[EventDate "2011.01.02"]
[EventRounds "9"]
[EventCountry "ESP"]
[Source "lmi"]
[SourceDate "2011.01.02"]

1. e4 c5 2. Nf3 d6 3. d4 cxd4 4. Nxd4 Nf6 5. Nc3 g6 6. Be3 Bg7 7. f3 O-O 8. Qd2
Nc6 9. O-O-O d5 10. Kb1 Nxd4 11. e5 Nf5 12. exf6 Bxf6 13. Nxd5 Qxd5 14. Qxd5
Nxe3 15. Qd3 Nxd1 16. Qxd1 Be6 17. Bb5 Rfd8 18. Qe2 Rd6 19. Rd1 Rad8 20. Rxd6
Rxd6 21. g3 Bd7 22. Bxd7 Rxd7 23. f4 h6 24. c3 Rd6 25. Kc2 a5 26. a3 b6 27. h4
Kg7 28. a4 g5 29. hxg5 hxg5 30. Qb5 gxf4 31. gxf4 Re6 32. Qd3 Rd6 33. Qb5 Re6
34. Qd3 Rd6 35. Qg3+ Kf8 36. b3 Rc6 37. c4 Rd6 38. f5 Bd4 39. Qg4 Bc5 40. Qh5
Bd4 41. Qg4 Bf6 42. Qg2 e6 43. fxe6 Rxe6 44. Qa8+ Ke7 45. Qb7+ Ke8 46. Qc8+ Bd8
47. Kd3 Ke7 48. Qb7+ Ke8 49. Qf3 Ke7 50. Qb7+ Ke8 51. Qf3 Ke7 52. Qb7+ Ke8 53.
c5 bxc5 54. Qb5+ Ke7 55. Qxc5+ Ke8 56. b4 axb4 57. Qxb4 Rg6 58. a5 Bxa5 59.
Qxa5 Kf8 60. Ke4 Re6+ 61. Kf5 Kg7 62. Qd5 Kg8 63. Qxe6 fxe6+ 64. Kxe6 1/2-1/2

[Event "22. Open de Ajedrez Ciudad de Roquetas"]
[Site "Roquetas de Mar ESP"]
[Date "2011.01.06"]
[Round "9.4"]
[White "Paunovic, Dragan"]
[Black "Pardo Simon, David"]
[Result "1/2-1/2"]
[WhiteElo "2509"]
[BlackElo "2380"]
[PlyCount "154"]
[EventDate "2011.01.02"]
[EventRounds "9"]
[EventCountry "ESP"]
[Source "lmi"]
[SourceDate "2011.01.02"]

1. Nf3 Nf6 2. c4 b6 3. g3 Bb7 4. Bg2 e6 5. O-O Be7 6. d4 O-O 7. Nc3 Ne4 8. Bd2
f5 9. d5 Bf6 10. Rc1 Na6 11. Be1 Nac5 12. Nd4 Qe7 13. Nb3 Nxc3 14. Bxc3 Ne4 15.
Bxf6 Qxf6 16. Qd4 exd5 17. cxd5 c5 18. dxc6 dxc6 19. Qxf6 Rxf6 20. Rfd1 c5 21.
Nd2 Re8 22. Nc4 Bc6 23. e3 Kf8 24. a3 g6 25. Nd6 Rb8 26. Nxe4 Bxe4 27. Bxe4
fxe4 28. b4 cxb4 29. axb4 Re8 30. b5 Rfe6 31. Rd4 Re5 32. Ra4 R8e7 33. Rca1
Rxb5 34. Rxa7 Rbe5 35. Ra8+ Re8 36. R8a6 R5e6 37. Rb1 Rb8 38. Kf1 Rb7 39. Rb4
Kg7 40. Ke2 h5 41. h4 Kf6 42. Raa4 Rbe7 43. Rb5 Rc7 44. Rbb4 Rce7 45. Kf1 Kf7
46. Rb5 Rc7 47. Kg2 Kg7 48. Ra6 Rb7 49. Ra8 Kf6 50. Ra4 Rc7 51. Rab4 Rcc6 52.
g4 hxg4 53. Rg5 Rc5 54. Rxg4 Rce5 55. Kg3 g5 56. hxg5+ Rxg5 57. Rxg5 Kxg5 58.
Rb5+ Kg6 59. Kg4 Rf6 60. Rg5+ Kh6 61. Rf5 Re6 62. Kf4 Kg6 63. Rg5+ Kh6 64. Kf5
Rc6 65. Rg4 Rc2 66. Rf4 b5 67. Kxe4 b4 68. Kf3 b3 69. Rb4 b2 70. Rb5 Kg6 71. e4
Kf6 72. Ke3 Ke6 73. f4 Kd6 74. f5 Rh2 75. f6 Ke6 76. e5 b1=Q 77. Rxb1 Kxe5
1/2-1/2

[Event "22. Open de Ajedrez Ciudad de Roquetas"]
[Site "Roquetas de Mar ESP"]
[Date "2011.01.06"]
[Round "9.5"]
[White "Pogorelov, Ruslan"]
[Black "Gonzalez Perez, Arian"]
[Result "1-0"]
[WhiteElo "2427"]
[BlackElo "2448"]
[PlyCount "104"]
[EventDate "2011.01.02"]
[EventRounds "9"]
[EventCountry "ESP"]
[Source "lmi"]
[SourceDate "2011.01.02"]

1. Nf3 Nf6 2. c4 g6 3. Nc3 Bg7 4. e4 d6 5. d4 O-O 6. Be2 e5 7. d5 Nh5 8. g3 Na6
9. Be3 Nf6 10. Nd2 Ne8 11. g4 Bf6 12. Nf1 Bg5 13. Qd2 Bxe3 14. Qxe3 Ng7 15. h4
f5 16. gxf5 gxf5 17. h5 fxe4 18. Ng3 Nc5 19. Ncxe4 Nxe4 20. Nxe4 Rf4 21. Rg1
Kh8 22. Qg3 Bg4 23. f3 Nf5 24. Qh2 Nh6 25. Qg2 Qh4+ 26. Kd2 Rg8 27. fxg4 Nxg4
28. Rh1 Qd8 29. Bf3 Qf8 30. Raf1 Qh6 31. Kc3 Ne3 32. Qe2 Nxf1 33. Rxf1 Rgf8 34.
Nd2 c6 35. dxc6 bxc6 36. Rg1 Qf6 37. Bxc6 Rf2 38. Qe3 Rh2 39. Bd5 Rxh5 40. Qg3
h6 41. Ne4 Qf3+ 42. Qxf3 Rxf3+ 43. Kb4 Rh2 44. Nxd6 Rxb2+ 45. Kc5 Rf4 46. Nf7+
Kh7 47. Nxe5 Rb8 48. Kd6 h5 49. Rh1 Kh6 50. Bf7 h4 51. Rg1 Rb6+ 52. Kd5 h3 1-0